000 00891cab a2200229 4500
001 ##L133855
008 060613n2006 000 0 eng u
035 _a(Sirsi) u133855
041 0 _aeng
100 1 _aKivlehan, Noella Pio
245 0 0 _aFocus
_bRepublic of Ireland
260 _c2006
490 0 _aEstates Gazette
_v(0623) 10 June 2006, 107-119(9)
520 _aReports on concern of overheating of the retail market; whether Dublin's improved office take-up will continue; an upsurge in investment activity in Irish retail and office property; and redevelopment opportunities in the industrial market caused by a relaxation in use restrictions.
590 _aIKA200606
651 4 _aIreland (Republic of)
_y
651 4 _aDUBLIN
690 _aPROPERTY-COMMERCIAL PROPERTY-COMMERCIAL PROPERTY MARKET
700 1 _aMorrison, Adrian
700 1 _aBuckley, Donal
942 _n0
999 _c77230
_d77230